000 00814nam a2200241Ia 4500
003 0
005 20250127111247.0
008 150126s9999 xx 000 0 und d
050 _aPHS TP 248.27
_b.V152 2014
100 _aValencia, Sofia.
245 _aSeaweed (Gracilaria lichenoides) and cassava (Manhinot esculenta) as bioplastic /
_cSofia Valencia.
260 _aLas PiƱas City, Philippines :
_bSouthville International School and Colleges,
_c2014.
300 _a43 pages :
_billustration ;
_c28 cm.
504 _aIncludes bibliographical references.
650 _aSeaweed.
650 _aBioplastics.
650 _aSeaweed
_vUses.
650 _aCassava.
650 _aPlastics from renewable resources.
650 _aBiodegradable plastics.
650 _aSustainable materials.
942 _2lcc
_cPASS
999 _c278704
_d278704